000 01641nam a2200277 a 4500
001 000001825
005 20200929145722.0
008 090629s2002 es a 001 0 spa d
020 _a8445411519
040 _aDO-SdBNP
_bspa
_cBNPHU
082 _a346.07
_bE77L
110 2 _aEspaña.
_94524
240 1 2 _a[Leyes, etc.]
245 1 0 _aLegislación básica mercantil :
_bactualizada a septiembre de 2002.
260 _aMadrid :
_bCentro de Estudios Financieros,
_c2002.
300 _a341 p. :
_bil. ;
_c24 cm.
490 1 _aNORMATIVA
505 0 _gNormas generales:
_tCódigo de comercio (incluye los preceptos vigentes del código de Comercio de 1829) --
_tReglamento de Registro Mercantil (incluye los preceptos vigentes del Reglamento aprobado por D. de 14 de diciembre de 1956) --
_gSociedades:
_tTexto refundido de la Ley de Sociedades Anónimas (incluye el RD. 821/1991, de 17 de mayo, por el que se desarrolla el artículo 137 del Texto Refundido de la ley de Sociedades Anónimas en materia de nombramiento de miembros del Consejo de Administración por el sistema proporcional) --
_tLey de Sociedades de Responsabilidad Limitada (Ley 2/1995, de 23 de marzo) --
_gTítulos valores:
_tLey cambiaria y del cheque (Ley 19/1985, de 16 de julio) --
_gÍndice analítico.
650 4 _aDerecho comercial
_zEspaña
_95939
650 4 _aDerecho comercial
_xLegislación
_95940
650 4 _aSociedades comerciales
_xLegislación
_95941
650 4 _aAcción cambiaria
_xLegislación
_95942
710 2 _aCentro de Estudios Financieros.
_bGabinete Jurídico (España)
_95943
830 0 _aNORMATIVA
_95944
910 _aValidado. Control de calidad EMS
999 _c1702
_d1702